Statistiques concernant Culture Générale - Série 557

Cliquez ici pour prendre le quiz!

Statistiques générales

  • Ce quiz a été pris 267 fois
  • Le résultat moyen est 8 sur 10

Statistiques - réponses

QuestionRéponse% Correct
Dans la chanson "Colchiques dans les prés", de quelle saison est-ce la fin ?été
95%
Quelles créatures fantastiques essaient d'attirer Ulysse par leurs chants dans "L'Odyssée" d'Homère ?sirènes
93%
Dans la banlieue de quelle grande ville de Californie Beverly Hills est-elle située ?Los Angeles
86%
De quels instruments viennent les "sanglots longs" qui blessent le coeur de Verlaine dans le poème "Chanson d'automne" ?violons
83%
Quel animal marin est aussi appelé "hérisson de mer" ?oursin
82%
Quelle reine de France est le sujet d'un film de Sofia Coppola en 2006 ?Marie-Antoinette
76%
A Lyon, dans le tissage de quelle matière textile les ouvriers appelés canuts étaient-ils spécialisés ?soie
73%
Avec le cow-boy, le motard, l'ouvrier, le policier et le GI, quel est le sixième Village People ?l'Indien
67%
Dans quel Etat le Parlement est-il appelé la Knesset ?Israël
58%
Qui chante que pour lui "c'est sûr, elle est d'ailleurs" en 1980 ?Pierre Bachelet
42%

Distribution des résultats

Percentile par nombre de réponses

% des personnes avec chaque résultat

Votre développement - résultats

Vous n’avez pas pris ce quiz